000 00772nam0a22002651 4500
001 v19\rc\1529340
005 20250618174236.0
035 _a(NLR Aleph) 004649798
090 _a3406603
_c3406603
100 _a20060620d1887 |||y0rusy50 ca
101 0 _arus
102 _aRU
105 _ay z |||||
200 1 _aЗаписки маленького человека
_eРифмов. шалости!
_fМ.Ч.
210 _aСанкт-Петербург
_cтипо-лит. В.И. Фреймана
_d1887
215 _a[4], 38, II с.
_d20
701 0 _aМ.Ч.
801 0 _aRU
_bNLR
_gpsbo
801 0 _aRU
_bRuMoRGB
_2psbo
801 1 _aRU
_bProSoft-M
_2rusmarc
852 _aNLR
_j18.319.1.65
899 _aRuMoRGB
_jA 155/55
899 _aБАН
942 _cBOOK
980 _aNB